Analýza vývoja trhu s finančnými derivátmi bakalárska práca

Enregistré dans:
Détails bibliographiques
Auteur principal: Kováčik, Tomáš
Collectivité auteur: Fakulta hospodárskej informatiky EU. Katedra matematiky a aktuárstva
Autres auteurs: Kaderová, Andrea
Format: Livre
Langue:slovaque
Publié: Bratislava 2022
Tags: Ajouter un tag
Pas de tags, Soyez le premier à ajouter un tag!

MARC

LEADER 00000nbm a2200000 4500
001 0294944
005 20240229082608.6
041 0 |a slo 
044 |a SK 
245 1 0 |a Analýza vývoja trhu s finančnými derivátmi  |b bakalárska práca  |c Tomáš Kováčik ; školiteľ: Andrea Kaderová 
264 1 |a Bratislava  |c 2022 
300 |a 50 s. 
100 1 |a Kováčik, Tomáš 
700 1 |a Kaderová, Andrea 
710 2 |a Fakulta hospodárskej informatiky EU. Katedra matematiky a aktuárstva